000 00304nam a22001337a 4500
008 171030b xxu||||| |||| 00| 0 eng d
020 _a9780072348927
041 _aeng
080 _a336
100 _a56
101 _aFIN
245 _aFINANCIAL MARKETS AND INSTITUTIONS
_cSAUNDERS.A
942 _2udc
_cBK
999 _c36388
_d36388